| 000 | 00000nam##2200000za#4500 |
| 001 | 9.601601 |
| 003 | CaOODSP |
| 005 | 20210624210142 |
| 007 | cr ||||||||||| |
| 008 | 150406|2003||||xxc|||||o f|0| 0 fre|d |
| 040 | |aCaOODSP|bfre |
| 043 | |an-cn--- |
| 086 | 1 |aYC25-0/372-8F-PDF |
| 110 | 1 |aCanada. |bParlement. |bSénat. |bComité permanent des pêches et des océans. |
| 245 | 10|aL'habitat du poisson : |h[ressource électronique]|brapport intérimaire du Comité sénatorial permanent des pêches et des océans / |cL'honorable Gerald Comeau, président; L'honorable Joan Cook, vice-présidente. |
| 260 | |aOttawa - Ontario : |bSénat. |cNovembre 2003. |
| 300 | |a64p.|bcarte en couleur, figures (certaines en couleur), références |
| 490 | 1 |aRapport du Comité sénatorial permanent des pêches et océans|v[37e législature, 2e session, 8e rapport] |
| 590 | |a11-12-Supp|b2011-07-29 |
| 775 | 08|tFish habitat : |w(CaOODSP)9.570958 |
| 830 | #0|aRapport du Comité sénatorial permanent des pêches et océans ;|v[37e législature, 2e session, 8e rapport]|w(CaOODSP)9.502204 |
| 856 | 40|ahttp://publications.gc.ca|qPDF|s406 Ko|uhttps://publications.gc.ca/collections/collection_2011/sen/yc25-0/YC25-0-372-8-fra.pdf|y[37e législature, 2e session, 8e rapport] |